| 000 | 01850nam a2200277 a 4500 | ||
|---|---|---|---|
| 001 | 77661 | ||
| 003 | BD-RjUL | ||
| 005 | 20211209083016.0 | ||
| 008 | 201222s2003 bg a|||| m||| 00| 0 ben d | ||
| 035 | _a(BD-RjUL)77887 | ||
| 040 |
_aBD-RjUL _bben/eng _cBD-RjUL _dBD-RjUL |
||
| 041 | _aben | ||
| 082 |
_a954.924 _bHAP 2003 _223 |
||
| 100 |
_aহাবিবুল্লাহ্, মো. _9242783 |
||
| 245 | 1 | 0 |
_aপাবনা জেলার সমাজ ও সংস্কৃতি : _bএকটি ঐতিহাসিক পর্যালোচনা, ১৯০০-১৯৪৭ / _cমো. হাবিবুল্লাহ্ ; _6গবেষণা তত্ত্বাবধায়ক: মো. মাহবুবর রহমান |
| 260 |
_aরাজশাহী : _bইতিহাস বিভাগ, রাজশাহী বিশ্ববিদ্যালয়, _c২০০৩ |
||
| 300 |
_axii, ৪৮০ পাতা : _bচিএ ; _c২৯ সেমি. |
||
| 502 | _aথিসিস (পিএইচ. ডি.) -- ইতিহাস বিভাগ, রাজশাহী বিশ্ববিদ্যালয়, ২০০৩ | ||
| 504 | _aগ্রন্থপঞ্জি: পাতা ৪৩৯-৪৫৯ | ||
| 651 |
_aবাংলাদেশ _zপাবনা জেলা _xইতিহাস _y১৯০০-১৯৪৭ _9242784 |
||
| 651 |
_aBangladesh _zPabna District _xHistory _y1900-1947 _9242785 |
||
| 651 |
_aবাংলাদেশ _zপাবনা জেলা _xসামাজিক জীবন এবং রীতিনীতি _y১৯০০-১৯৪৭ _9242810 |
||
| 651 |
_aBangladesh _zPabna District _xSocial life and customs _y1900-1947 _9242811 |
||
| 700 |
_aরহমান, মো. মাহবুবর, গবেষণা তত্ত্বাবধায়ক _9242786 |
||
| 942 |
_2ddc _cTHE |
||
| 999 |
_c77661 _d77661 |
||